Protidrogový díler?

Bibliographic Details
Main Author: Rýpal, Palo (Author)
Format: Article
Language:Slovak
PhysicalDescription:Fotogr.
ISSN:1337-219X
Subjects:

MARC

LEADER 00000nab a2200000 ar4500
001 vtls009082320
003 SK-MaSNL
005 20260303065734.0
008 070724c2007 xo mr|p|||||||000 b|slo
015 |a SNBRB2007/07  |2 snkbucl 
038 |a SNKBUCL 
040 |a SNKBUCL  |b slo  |c SNKBUCL  |e AACR2 
041 0 |a slo 
044 |a xo  |c SK 
080 |a 792.071.2  |2 1997 
100 1 |a Rýpal, Palo  |4 aut  |9 841301 
245 1 0 |a Protidrogový díler?  |c Palo Rýpal 
300 |b Fotogr. 
600 1 7 |a Cinkota, Dušan,  |d 1970-  |2 snkbucl  |9 107041 
650 0 7 |a drogy  |2 snkbucl  |9 1552 
650 0 7 |a drogová závislosť  |2 snkbucl  |9 1551 
773 0 |t Žurnál  |g Roč. I, č. 18 (2007), s. 36-39  |x 1337-219X 
852 |a SNK  |b KIS3GCP 
958 |a BX 
999 |c 1752459  |d 1754389